000
00264nam a22001097a 4500
082
_a
621.389324 SAM'H
100
_a
SAMS, HOWARD W
_9
79913
245
_a
SAMS PHOTOFACT TAPERECORDER SERIES
250
_a
VOL-21
260
_a
INDIANA
_b
HOWARD SAMS
_c
1965
942
_c
BK
999
_c
584893
_d
584893